000
00283nam a22001217a 4500
008
160505b xxu||||| |||| 00| 0 eng d
020
_a
9780135153871
020
_a
0135153875
041
_a
eng
080
_a
61
245
_a
Professionalism in health care:
_c
Sherry Makely;
942
_2
udc
_c
BK
999
_c
1836
_d
1836